000 nam a22 7a 4500
999 _c103263
_d103263
005 20200124134159.0
008 200124b ag ||||| |||| 00| 0 spa d
020 _a9501408590
050 0 4 _aKHA3022
_bE36 1996
100 1 _aEkmekdjian, Miguel Ángel
245 1 0 _aHábeas data. El derecho a la intimidad frente a la revolución informática
_c / Miguel Ángel Ekmekdjian, Calogero Pizzolo
250 _a1a ed.
260 _aBuenos Aires :
_bEdiciones Depalma,
_c1996
300 _axiv, 115 p. ;
_c23 cm.
504 _aIncluye bibliografía
650 7 _2lemb
_aDerecho a la privacidad
_zArgentina
650 7 _2lemb
_aProtección de datos
_zArgentina
650 7 _2lemb
_aSistemas de almacenamiento y recuperación de la información
_xLegislación
_zArgentina
700 1 _aPizzolo, Calogero
_eautor
942 _2lcc
_cLIB